000 00597nam a2200229Ia 4500
003 OSt
005 20220928142148.0
006 a|||||r|||| 00| 0
007 ta
008 220927b |||||||| |||| 00| 0 eng d
024 _a18553
037 _cTextual
040 _aSDCL
_cSDCL
_beng
041 _2eng
_aeng
082 _aD65151, M7
100 _aBhartia Prakash
_9454452
245 0 _aE-plane integrated circuits.
260 _c1987
700 _a Pramanick Protap
_9454451
942 _hD65151, M7
_cTEXL
_2CC
999 _c820786
_d820786